000 014560000a22003370004500
003 EG-GICUC
005 20250223033003.0
008 070418s2003 ua a f m 000 0 eng d
040 _aEG-GICUC
_beng
_cEG-GICUC
041 0 _aEng
049 _aDeposite
097 _aPh.D
099 _aCai01.21.03.Ph.D.2003.Mo.E
100 0 _aMohammad Farouk Ali
245 1 0 _aElectromyographic analysis of the knee extensor muscle during standing up and sitting down on chair in knee osteoarthritis /
_cMohammad Farouk Ali ; Supervised Nadia Abd El azeem Faiaz , Mohammad Reda Awad , Yehia Nassef Mohammad
246 1 5 _aتحليل التخطيط الكهربى لعضلة فرد الركبة اثناء الوقوف واثناء الجلوس على كرسى فى حالات التهاب الركبة العظمى المفصلى
260 _aCairo :
_bMohammad Farouk Ali ,
_c2003
300 _a146P :
_bill ;
_c30cm
502 _aThesis (PH.D.) - Cairo University - Faculty Of Physical Therapy - Department Of Musculoskeletal Disorders
530 _aIssued also as CD
653 4 _aEMG
653 4 _aKnees osteoarthritis
653 4 _aQuadriceps contraction type
700 0 _aMohammad Reda Awad ,
_eSupervisor
700 0 _aNadia Abd El azeem Faiaz ,
_eSupervisor
700 0 _aYehia Nassef Mohammad ,
_eSupervisor
856 _uhttp://172.23.153.220/th.pdf
905 _aEnas
_ecataloger
905 _aMustafa
_eRevisor
942 _2ddc
_cTH
999 _c85641
_d85641